[Event "RSA-ch U14 Girls"]
[Site "Gauteng"]
[Date "2017.04.06"]
[Round "2"]
[White "De Villiers, Lisa Marie"]
[Black "Brugman, Ilse"]
[Result "0-1"]
[WhiteElo "869"]
[BlackElo "1237"]
[PlyCount "80"]
[EventDate "2017.04.05"]
[EventType "swiss"]
[EventRounds "11"]
[EventCountry "RSA"]
[SourceTitle "CBM 177 Extra"]
[Source "ChessBase"]
[SourceDate "2017.04.27"]
[SourceVersion "1"]
[SourceVersionDate "2017.04.27"]
[SourceQuality "1"]

1. e4 c5 2. c3 Nc6 3. d4 cxd4 4. cxd4 d6 5. Nf3 e6 6. Nc3 Nf6 7. Bb5 Bd7 8. d5 exd5 9. exd5 Ne5 10. Qe2 Qe7 11. Bf4 Bxb5 12. Nxb5 Nd3+ 13. Kd1 Qxe2+ 14. Kxe2 Nxf4+ 15. Kd1 N4xd5 16. Re1+ Kd7 17. Ng5 h6 18. Nxf7 Rg8 19. Rc1 a6 20. Nd4 Re8 21. Nf5 Rxe1+ 22. Kxe1 Be7 23. N7xd6 Bxd6 24. Nxd6 Kxd6 25. Kf1 Kd7 26. Rd1 Rc8 27. g3 Ke6 28. h3 Rc2 29. Rb1 Ne4 30. Re1 Kf5 31. Rd1 Rxf2+ 32. Kg1 Rg2+ 33. Kf1 Ne3+ 34. Ke1 Nxd1 35. Kxd1 Rxb2 36. g4+ Kf4 37. h4 Ke3 38. g5 hxg5 39. hxg5 Kd3 40. Ke1 Rb1# 0-1

[Event "RSA-ch U14 Girls"]
[Site "Bloemfontein"]
[Date "2016.03.20"]
[Round "1"]
[White "Brugman, Ilse"]
[Black "Qangule, Lithitha Qhayiya"]
[Result "1-0"]
[WhiteElo "1288"]
[BlackElo "1062"]
[PlyCount "52"]
[EventDate "2016.03.20"]
[EventType "swiss"]
[EventRounds "11"]
[EventCountry "RSA"]
[SourceTitle "CBM 171 Extra"]
[Source "ChessBase"]
[SourceDate "2016.04.26"]
[SourceVersion "1"]
[SourceVersionDate "2016.04.26"]
[SourceQuality "1"]

1. e4 e5 2. Nf3 Nc6 3. Bb5 Nf6 4. Qe2 d6 5. c3 Bd7 6. 0-0 Be7 7. d4 a6 8. Ba4 0-0 9. Nbd2 Bg4 10. h3 Bh5 11. d5 Na7 12. Rd1 c6 13. dxc6 Nxc6 14. Nf1 Bg6 15. Ng3 Nh5 16. Bxc6 Nxg3 17. fxg3 Qb6+ 18. Kh1 Qxc6 19. Re1 f5 20. Nd2 Bg5 21. exf5 Bxf5 22. Qc4+ Kh8 23. Qxc6 bxc6 24. Nc4 Bxc1 25. Raxc1 Rad8 26. Ra1 Be6 1-0

[Event "RSA-chT U14"]
[Site "Cape Town"]
[Date "2016.01.06"]
[Round "6.6"]
[White "Pelser, Casper Hugo"]
[Black "Brugman, Ilse"]
[Result "1-0"]
[WhiteElo "1233"]
[BlackElo "1266"]
[PlyCount "113"]
[EventDate "2016.01.04"]
[EventType "team-tourn"]
[EventRounds "7"]
[EventCountry "RSA"]
[SourceTitle "CBM 170 Extra"]
[Source "ChessBase"]
[SourceDate "2016.02.25"]
[SourceVersion "1"]
[SourceVersionDate "2016.02.25"]
[SourceQuality "1"]
[WhiteTeam "Tshwane"]
[BlackTeam "Western Province"]
[WhiteTeamCountry "RSA"]
[BlackTeamCountry "RSA"]

1. e4 c5 2. Bc4 Nc6 3. Nf3 g6 4. c3 Bg7 5. d4 cxd4 6. Nxd4 Nf6 7. f3 0-0 8. Be3 d6 9. Nd2 Bd7 10. N2b3 a6 11. 0-0 Rc8 12. Be2 Ne5 13. Nd2 b5 14. Rc1 d5 15. b3 dxe4 16. Nxe4 Nxe4 17. fxe4 Qb6 18. Nf5 Qe6 19. Nxg7 Kxg7 20. Qd5 Kg8 21. c4 bxc4 22. bxc4 Rfd8 23. Bd4 Nc6 24. Bb6 Re8 25. Rfd1 Nb4 26. Qxe6 Bxe6 27. a3 Nc6 28. c5 a5 29. Bb5 Kf8 30. Bxc6 Rxc6 31. Bxa5 Ra8 32. Bb4 Kg7 33. Kf2 Kf6 34. Kf3 Kg5 35. h3 h5 36. Rc3 Rf8 37. Rcd3 f5 38. e5 Kh6 39. Rd8 Rxd8 40. Rxd8 Kg7 41. h4 Kf7 42. g3 Rc8 43. Rxc8 Bxc8 44. Ke3 Bd7 45. Kd4 Bc6 46. Ba5 Ke6 47. Bc7 Kd7 48. Bb6 Ke6 49. Ke3 Kd7 50. Kf4 Ke6 51. Ba5 Kd5 52. Bb4 Ke6 53. Kg5 Kf7 54. e6+ Kg7 55. Bc3+ Kh7 56. Ba5 Be8 57. Bd8 1-0

[Event "RSA-chT U14"]
[Site "Cape Town"]
[Date "2016.01.05"]
[Round "3.6"]
[White "Sapere, Rafael"]
[Black "Brugman, Ilse"]
[Result "1/2-1/2"]
[WhiteElo "1116"]
[BlackElo "1266"]
[PlyCount "71"]
[EventDate "2016.01.04"]
[EventType "team-tourn"]
[EventRounds "7"]
[EventCountry "RSA"]
[SourceTitle "CBM 170 Extra"]
[Source "ChessBase"]
[SourceDate "2016.02.25"]
[SourceVersion "1"]
[SourceVersionDate "2016.02.25"]
[SourceQuality "1"]
[WhiteTeam "Nelson Mandela Bay"]
[BlackTeam "Western Province"]
[WhiteTeamCountry "RSA"]
[BlackTeamCountry "RSA"]

1. e4 c5 2. Nf3 Nc6 3. Nc3 d6 4. Bc4 g6 5. 0-0 Bg7 6. Re1 Nf6 7. e5 dxe5 8. Nxe5 Nxe5 9. Rxe5 b6 10. Qf3 Rb8 11. d3 0-0 12. Bf4 Bb7 13. Qe2 e6 14. Qd1 Rc8 15. Bg5 h6 16. Bh4 Qd4 17. Bxf6 Bxf6 18. Re3 Bg5 19. Nb5 Qf6 20. Re1 Ra8 21. Nd6 Bc6 22. Ne4 Bxe4 23. Rxe4 Qxb2 24. Rb1 Qf6 25. d4 Rad8 26. c3 cxd4 27. cxd4 Rc8 28. Bb3 Rfd8 29. Rb2 Rc5 30. Rc2 Rxc2 31. Bxc2 Rd5 32. Bb1 e5 33. Qb3 Rxd4 34. Rxd4 exd4 35. Bd3 Kg7 36. g3 1/2-1/2